Inovačná stratégia SR a jej plnenie

Inovačná stratégia SR. Pojem národný inovačný systém. Plnenie inovačnej stratégie SR.

Na minha lista:
Detalhes bibliográficos
Autor principal: Fabová, Ľudmila
Formato: Capítulo de Livro
Idioma:eslovaco
Assuntos:
Tags: Adicionar Tag
Sem tags, seja o primeiro a adicionar uma tag!

MARC

LEADER 00000naa a2200000 4500
001 0143596
005 20220715093040.5
041 0 |a slo 
044 |a SK 
245 1 0 |a Inovačná stratégia SR a jej plnenie  |c Ľudmila Fabová 
520 |a Inovačná stratégia SR. Pojem národný inovačný systém. Plnenie inovačnej stratégie SR. 
610 2 0 |a stratégia inovačná 
610 2 0 |a Slovensko 
610 2 0 |a inovácia 
610 2 0 |a konkurencieschopnosť 
610 2 0 |a firmy 
100 1 |a Fabová, Ľudmila